Філософія (Запис № 336109)

МАРК-запис
000 -Лідер
fixed length control field 00579nam a22002297a 4500
003 - Ідентифікатор контрольного номера
control field UA-OsUOA
001 - Контрольний номер
control field 50014
007 - Фіксоване поле фізичного опису
fixed length control field ta
008 - Елементи даних фіксованої довжини – загальна інформація
fixed length control field 20071018b un ||||| |||| 00| 0 ukr d
090 ## - Локальний шифр розміщення
Класифікаційний індекс УДК 101(075.8)
Авторський знак (НП) Ф56
040 ## - Джерело каталогізації
Агенція оригінальної каталогізації UA-OsUOA
Мова каталогізації ukr
Агенція, яка здійснювала перезапис UA-OsUOA
Агенція, яка здійснювала модифікацію UA-OsUOA
041 ## - Код мови
Код мови тексту/ звукової доріжки чи окремого заголовка (П) ukr
080 ## - Індекс Універсальної десяткової класифікації
Індекс Універсальної десяткової класифікації (УДК) (НП) 101(075.8)
020 ## - Міжнародний стандартний книжковий номер (ISBN)
Міжнародний стандартний книжковий номер (ISBN) (НП) 966-7131-86-6
245 ## - Відомості про назву
Назва (НП) Філософія
Решта назви (НП) Навчальний посібник
260 ## - Публікація, розповсюдження і т.п. (Вихідні дані)
Місце публікації, розповсюдження і т.п. (П) К.
Ім’я/ наймення видавництва, розповсюджувача і т.п. (П) Знання
Дата публікації, розповсюдження і т.п. (П) 2006
300 ## - Фізичний опис
Обсяг 534 с.
650 #7 - Додаткове предметне введення – тематичний термін
Тематичний термін чи географічна назва, як елемент введення (НП) 1 Філософські науки
Джерело заголовка чи терміна UDC
942 ## - Додаткові елементи входу (Коха)
Тип елемента Koha Книги
955 ## - Код типу видання за змістом
Код типу видання за змістом (НП) Навчальні видання
Фонди
Стан вилучень Стан втрат Джерело класифікації або схеми стелажів Стан уражень Не для кредиту Постійне місце розташування Поточне розміщення Дата придбання Джерело придбання Вартість, звичайна ціна покупки Інвентарний номер Усього замовленно Повний номер виклику Штрих-код Дата останнього перегляду Ціна ефективна від Тип елемента Koha Перевірено Дата останньої перевірки
    Universal Decimal Classification     ЧЗ - Читальна зала АБ - Абонемент НБ 18/10/2007 173/2007 20.00 108771 1 101(075.8) Ф56 108771 24/07/2019 18/10/2007 Книги 22/10/2019 24/07/2019
    Universal Decimal Classification     ЧЗ - Читальна зала ЧЗ - Читальна зала 18/10/2007 173/2007 20.00 108767   101(075.8) Ф56 108767 09/02/2022 18/10/2007 Книги    
    Universal Decimal Classification     ЧЗ - Читальна зала ЧЗ - Читальна зала 18/10/2007 173/2007 20.00 108768 1 101(075.8) Ф56 108768 25/07/2019 18/10/2007 Книги 23/10/2019 25/07/2019
    Universal Decimal Classification     ЧЗ - Читальна зала ЧЗ - Читальна зала 18/10/2007 173/2007 20.00 108769   101(075.8) Ф56 108769 09/02/2022 18/10/2007 Книги    
    Universal Decimal Classification     ЧЗ - Читальна зала ЧЗ - Читальна зала 18/10/2007 173/2007 20.00 108770   101(075.8) Ф56 108770 25/11/2021 18/10/2007 Книги